Las cosas del decir : Manual de análisis del discurso
Збережено в:
| Автор: | |
|---|---|
| Формат: | Книга |
| Мова: | Undetermined |
| Опубліковано: |
Barcelona, España
Editorial Ariel
2007
|
| Предмети: | |
| Теги: |
Додати тег
Немає тегів, Будьте першим, хто поставить тег для цього запису!
|
MARC
| LEADER | 00000nam a2200000Ia 4500 | ||
|---|---|---|---|
| 008 | 170316s9999 xx 000 0 und d | ||
| 090 | |a 801 C-2.1c | ||
| 100 | |a Calsamiglia Blancafort, Helena; Tusón Valls, Amparo | ||
| 245 | |a Las cosas del decir : Manual de análisis del discurso | ||
| 260 | |a Barcelona, España | ||
| 260 | |b Editorial Ariel | ||
| 260 | |c 2007 | ||
| 300 | |a 386 páginas | ||
| 650 | |a TEORÍA LITERARIA | ||
| 650 | |a ANÁLISIS DEL DISCURSO | ||
| 650 | |a EL DISCURSO ORAL | ||
| 650 | |a EL DISCURSO ESCRITO | ||
| 650 | |a RELACIONES INTERPERSONALES | ||
| 650 | |a LA CORTESIA | ||
| 650 | |a LA MODALIZACIÓN | ||
| 650 | |a CONTEXTO DISCURSIVO | ||
| 650 | |a GÉNEROS DISCURSIVOS | ||
| 650 | |a EL DISCURSO | ||
| 999 | |c 20169 |d 20169 | ||
| 040 | |a cru BVZT | ||
| 942 | |c 15 D |h 801 C-2.1c |2 z | ||
